00662 2200205 4500001002100000005001500021035002000036007000300056008004100059082001200100084001800112100004900130245010600179260006000285300002800345650001800373650001200391856002900403990002400432INLIS00000000000850520260619021045 a0010-0626000074ta260619 0 ind  a635:311 a635:311 DIR p0 aDirektur Jenderal Bina Produksi Hortikultura1 aProduksi, Luas Panen Dan Produktivitas Buah-Buahan, Sayuran, Tanaman Hias Dan Tanaman Obat Tahun 2003 aJakarta :bDirektur Jenderal Bina Produksi Hortikultura a191p :bIlus ;c21.5 cm 4aProduktivitas 4aSayuran aPerpustakaan BBRMP JATIM a658/2026/BBRMPJATIM